000 00768 a2200217 4500
020 _a8120320468
020 _a9788120320468
082 _a514
090 _c1688
_d1688
100 1 _aMunkres, James.
245 1 0 _aTopology /
_cJames Munkres.
250 _a2nd ed.
260 _a[S.l.] :
_bPrentice-Hall, Inc.,
_c2000.
300 _a537 p. ;
_c24 cm.
490 1 _a2nd economy edition.
830 0 _a2nd economy edition.
856 4 0 _3Amazon.com
942 _aSNS
_cBK
_k514 MUN
999 _c30296
_d30296